Comportamiento del consumidor
Uloženo v:
| Hlavní autor: | |
|---|---|
| Médium: | Kniha |
| Jazyk: | španělština |
| Vydáno: |
Ciudad de México
Pearson-Prentice Hall
2008
|
| Vydání: | 7a. ed |
| Témata: | |
| Tagy: |
Přidat tag
Žádné tagy, Buďte první, kdo vytvoří štítek k tomuto záznamu!
|
MARC
| LEADER | 00000cam a2200000 a 4500 | ||
|---|---|---|---|
| 001 | UCH0575 | ||
| 003 | CL-VaPUC | ||
| 008 | 090320e20080000MX |||||||||||||||||spa|d | ||
| 020 | |a 9702610869 | ||
| 082 | 0 | 4 | |a 658.834 |b SOL |2 21 |
| 100 | 0 | |a Solomon, Michael R |e author |9 534799 | |
| 245 | 1 | 0 | |a Comportamiento del consumidor |
| 250 | |a 7a. ed | ||
| 300 | |a 654 p | ||
| 942 | |c BK | ||
| 945 | |d 20090320 00:00:00 |a rbrito | ||
| 260 | |a Ciudad de México |b Pearson-Prentice Hall |c 2008 | ||
| 650 | 0 | |a Consumidores |9 315658 | |
| 650 | 0 | |a Comportamiento del consumidor |9 331318 | |
| 650 | 7 | |a CONSUMISMO |2 CL-VaPUC |9 534800 | |
| 650 | 0 | |a Mercado |9 321497 | |
| 650 | 0 | |a Toma de decisiones |9 257530 | |
| 583 | |a last modification |c 20161202 10:52:40 |k Rodrigo Vera | ||
| 999 | |c 332858 |d 332856 | ||
| 952 | |0 0 |1 0 |4 0 |6 658_834000000000000_SOL_2008 |7 0 |8 A |9 420887 |a BIBCUR |b BIBCUR |d 2019-11-22 |i 4522680 |o 658.834 SOL 2008 |p 4522680 |r 2025-04-22 |w 2019-11-22 |y BK |k PER | ||